| 000 | 00636nam a2200241Ia 4500 | ||
|---|---|---|---|
| 008 | 160319s9999 xx 000 0 und d | ||
| 020 | _a971-821-011-3 | ||
| 050 | _aFIL PE 1408 | ||
| 050 | _b.E87 2000 | ||
| 245 | _aEssentials of English : | ||
| 245 | _bworktext / | ||
| 245 | _cDoreas M. Avila… [et al] | ||
| 260 | _aValenzuela City: | ||
| 260 | _bMutya Pub. House, | ||
| 260 | _c2000 | ||
| 300 | _a147 pages : | ||
| 300 | _billustrations ; | ||
| 300 | _c25 cm. | ||
| 500 | _aIncludes bibliographical references. | ||
| 650 | _aComposition. | ||
| 650 | _aEnglish language -- Grammar. | ||
| 650 | _xLanguage usage. | ||
| 999 |
_c291777 _d291777 |
||